000 00530nam a22001697a 4500
003 OSt
005 20251121094905.0
008 251121b |||||||| |||| 00| 0 eng d
020 _a0-935236-07-4
040 _aDWC-Main lib
_cOC
082 _aCirc. 610.73 N342 1978
100 _aNeal, M.
245 _aNursing care planning guides set 4
_cNeal, Margo C.
260 _aCalifornia :
_bNurseco,
_cc1978
300 _a88 pages :
_c22 cm.
942 _2ddc
_cBK-CIRC
_hCirc. 610.73 N342 1978
_kCirc.
_n0
999 _c5961
_d5961